<?xml version="1.0" encoding="UTF-8"?>
<collection xmlns="http://www.loc.gov/MARC21/slim">
 <record>
  <leader>05915nam a2200409 a 4500</leader>
  <controlfield tag="001">kal5754</controlfield>
  <controlfield tag="003">Gr-AtHEAL</controlfield>
  <controlfield tag="005">20160505145107.0</controlfield>
  <controlfield tag="006">m        d        </controlfield>
  <controlfield tag="008">160413s2015    gr      s           gre|c</controlfield>
  <datafield tag="020" ind1=" " ind2=" ">
   <subfield code="a">9789606033667</subfield>
  </datafield>
  <datafield tag="040" ind1=" " ind2=" ">
   <subfield code="a">GR-AtHEAL</subfield>
   <subfield code="b">gre</subfield>
   <subfield code="c">GR-AtHEAL</subfield>
  </datafield>
  <datafield tag="082" ind1="0" ind2="4">
   <subfield code="a">720</subfield>
   <subfield code="2">23</subfield>
  </datafield>
  <datafield tag="100" ind1="1" ind2=" ">
   <subfield code="a">Πάγκαλος, Παναγιώτης.</subfield>
   <subfield code="8">2647</subfield>
  </datafield>
  <datafield tag="245" ind1="1" ind2="0">
   <subfield code="a">Ιστορία της σύγχρονης αρχιτεκτονικής τεχνολογίας</subfield>
   <subfield code="h">[Ηλεκτρονικός πόρος] </subfield>
   <subfield code="c">Πάγκαλος, Παναγιώτης ; Κριτικός αναγνώστης,Τεντοκάλη, Eυαγγελία ; Τεχνική επιμέλεια,Φιλώνη, Βαλεντίνα ; Γλωσσική επιμέλεια,Κλαυδιανού, Μαγδαληνή.</subfield>
  </datafield>
  <datafield tag="260" ind1=" " ind2=" ">
   <subfield code="a">Αθήνα :</subfield>
   <subfield code="b">Σύνδεσμος Ελληνικών Ακαδημαϊκών Βιβλιοθηκών,</subfield>
   <subfield code="c">c2015.</subfield>
  </datafield>
  <datafield tag="490" ind1=" " ind2=" ">
   <subfield code="a">Ακαδημαϊκά Ηλεκτρονικά Συγγράμματα και Βοηθήματα Κάλλιπος</subfield>
   <subfield code="8">40</subfield>
  </datafield>
  <datafield tag="505" ind1=" " ind2=" ">
   <subfield code="a">1. Ιστορία της σύγχρονης αρχιτεκτονικής τεχνολογίας: Εισαγωγή2. Zaha Hadid: η τεχνολογία της ουδετερότητας3. Rem Koolhaas: η τεχνολογία του μοντάζ4. Franco Purini: η τεχνολογία του σχεδίου5. Superstudio: η τεχνολογία της ουτοπίας6. Manfredo Tafuri: η τεχνολογία της ιστορίας7. Peter Eisenman: η τεχνολογία της αμφισημίας8. Aldo Rossi: η τεχνολογία της επανάληψης9. Frank Gehry: η τεχνολογία της μηχανικής10. Giuseppe Terragni: η τεχνολογία της δομής11. Le Corbusier: η τεχνολογία του κλασικού12. Ludwig Mies van der Rohe: η τεχνολογία της λεπτομέρειας13. Adolf Loos: η τεχνολογία της κάθαρσης14. Peter Behrens: η τεχνολογία της εργασίας</subfield>
  </datafield>
  <datafield tag="520" ind1=" " ind2=" ">
   <subfield code="a">Στο παρόν σύγγραμμα ο συγγραφέας επιδιώκει με μια νέα ανάγνωση να συμβάλλει στο πεδίο της ιστορίας και θεωρίας της αρχιτεκτονικής, εξετάζοντας ένα κρίσιμο ερώτημα για τις τρέχουσες κοινωνικές και πολιτικές συνθήκες: Ποια είναι η σχέση ανάμεσα στην αρχιτεκτονική και την τεχνολογία στην εποχή της ωρίμανσης του σύγχρονου καπιταλισμού, υπό το πρίσμα όχι μόνο των τεχνικών μέσων και υλικών, αλλά κυρίως των εκφραστικών εργαλείων και μεθόδων του «λόγου της τεχνικής» επί του δομημένου χώρου; Σύμφωνα με τον συγγραφέα, η τεχνολογία εκτός από συνδετικός κρίκος της αρχιτεκτονικής με την παραγωγική διαδικασία, καθίσταται φορέας αρχιτεκτονικών θέσεων και εννοιών. Προς τούτο ο συγγραφέας, μέσω μιας διεπιστημονικής ματιάς, σαρώνει τα όμορα προς την αρχιτεκτονική πεδία της ιστορίας της τέχνης και της φιλοσοφίας και διαπερνά με ένα αόρατο νήμα τις διαδοχικές εξελίξεις και μεταλλάξεις της ιστορίας της τεχνολογίας, ως εξής: επιλέγει και ταξινομεί, βάσει της ημερομηνίας γέννησής τους, δεκατρείς αρχιτέκτονες, των οποίων το έργο περιστρέφεται γύρω από την αισθητική του Μοντερνισμού και αποτελεί αναμφισβήτητα το αντιπροσωπευτικότερο δείγμα της σχέσης μεταξύ αρχιτεκτονικής και διαφόρων εκφάνσεων τεχνολογίας στον 20ό αιώνα.</subfield>
  </datafield>
  <datafield tag="650" ind1=" " ind2="0">
   <subfield code="a">Architecture and technology</subfield>
   <subfield code="8">2795</subfield>
  </datafield>
  <datafield tag="650" ind1=" " ind2="0">
   <subfield code="a">Architecture</subfield>
   <subfield code="x">History</subfield>
   <subfield code="8">2495</subfield>
  </datafield>
  <datafield tag="653" ind1=" " ind2=" ">
   <subfield code="a">Θεωρία αρχιτεκτονικής</subfield>
  </datafield>
  <datafield tag="653" ind1=" " ind2=" ">
   <subfield code="a">Ιστορία αρχιτεκτονικής</subfield>
  </datafield>
  <datafield tag="653" ind1=" " ind2=" ">
   <subfield code="a">Πόλεις</subfield>
  </datafield>
  <datafield tag="653" ind1=" " ind2=" ">
   <subfield code="a">Επικοινωνία</subfield>
  </datafield>
  <datafield tag="653" ind1=" " ind2=" ">
   <subfield code="a">Παραγωγή βοηθούμενη απο υπολογιστή</subfield>
  </datafield>
  <datafield tag="653" ind1=" " ind2=" ">
   <subfield code="a">Κατασκευές</subfield>
  </datafield>
  <datafield tag="653" ind1=" " ind2=" ">
   <subfield code="a">Τεχνολογία και επιστήμες μηχανικών</subfield>
   <subfield code="a">Αρχιτεκτονική</subfield>
   <subfield code="a">Τεχνολογία και κατασκευή κτηρίων</subfield>
  </datafield>
  <datafield tag="653" ind1=" " ind2=" ">
   <subfield code="a">Τεχνολογία και επιστήμες μηχανικών</subfield>
   <subfield code="a">Αρχιτεκτονική</subfield>
   <subfield code="a">Ρυθμολογία, μορφολογία και τυπολογία των κτηρίων</subfield>
  </datafield>
  <datafield tag="653" ind1=" " ind2=" ">
   <subfield code="a">Τεχνολογία και επιστήμες μηχανικών</subfield>
   <subfield code="a">Αρχιτεκτονική</subfield>
   <subfield code="a">Ιστορία της αρχιτεκτονικής και της πολεοδομίας</subfield>
  </datafield>
  <datafield tag="653" ind1=" " ind2=" ">
   <subfield code="a">Τέχνες και γράμματα</subfield>
   <subfield code="a">Εικαστικές τέχνες</subfield>
   <subfield code="a">Αρχιτεκτονική</subfield>
  </datafield>
  <datafield tag="700" ind1="1" ind2=" ">
   <subfield code="a">Τεντοκάλη, Ευαγγελία,</subfield>
   <subfield code="e">Κριτικός αναγνώστης</subfield>
   <subfield code="8">2648</subfield>
  </datafield>
  <datafield tag="856" ind1="4" ind2="0">
   <subfield code="u">http://hdl.handle.net/11419/5754</subfield>
   <subfield code="z">Πλήρες Κείμενο - Full text</subfield>
  </datafield>
  <datafield tag="907" ind1=" " ind2=" ">
   <subfield code="a">.b25678929</subfield>
   <subfield code="b">12-06-18</subfield>
   <subfield code="c">29-07-16</subfield>
  </datafield>
  <datafield tag="949" ind1=" " ind2=" ">
   <subfield code="0">0</subfield>
   <subfield code="1">0</subfield>
   <subfield code="2">ddc</subfield>
   <subfield code="4">0</subfield>
   <subfield code="6">720_000000000000000_ΠΑΓ</subfield>
   <subfield code="7">0</subfield>
   <subfield code="8">KALL</subfield>
   <subfield code="8">651</subfield>
   <subfield code="d">2016-04-13</subfield>
   <subfield code="r">2016-04-13</subfield>
   <subfield code="w">2016-04-13</subfield>
   <subfield code="z">720 ΠΑΓ</subfield>
   <subfield code="o">SEAB KALLIPOS</subfield>
  </datafield>
  <datafield tag="998" ind1=" " ind2=" ">
   <subfield code="a">80</subfield>
   <subfield code="a">01</subfield>
   <subfield code="a">02</subfield>
   <subfield code="a">03</subfield>
   <subfield code="a">04</subfield>
   <subfield code="a">05</subfield>
   <subfield code="a">06</subfield>
   <subfield code="a">07</subfield>
   <subfield code="a">08</subfield>
   <subfield code="a">09</subfield>
   <subfield code="a">10</subfield>
   <subfield code="a">11</subfield>
   <subfield code="a">12</subfield>
   <subfield code="a">13</subfield>
   <subfield code="a">14</subfield>
   <subfield code="a">15</subfield>
   <subfield code="a">16</subfield>
   <subfield code="a">17</subfield>
   <subfield code="a">18</subfield>
   <subfield code="a">19</subfield>
   <subfield code="a">20</subfield>
   <subfield code="a">21</subfield>
   <subfield code="a">22</subfield>
   <subfield code="a">23</subfield>
   <subfield code="a">24</subfield>
   <subfield code="a">25</subfield>
   <subfield code="a">26</subfield>
   <subfield code="b">10-05-17</subfield>
   <subfield code="c">m</subfield>
   <subfield code="d">z  </subfield>
   <subfield code="e">-</subfield>
   <subfield code="f">gre</subfield>
   <subfield code="g">gr </subfield>
   <subfield code="h">0</subfield>
  </datafield>
  <datafield tag="942" ind1=" " ind2=" ">
   <subfield code="2">ddc</subfield>
   <subfield code="c">KALLIPOS</subfield>
  </datafield>
 </record>
</collection>
